000 00672nam a2200253Ia 4500
008 160901s9999 xx 000 0 und d
020 _a0-7645-4729-1
050 _aComSc QA 76.73
050 _b.P22J64 2000
100 _aJohnson, Eric Foster -
245 _aCross-platform Perl /
245 _cEric Foster-Johnson.
250 _a2nd Edition
260 _aNew York :
260 _bIDG. Books Worldwide, Inc.,
260 _c2000
300 _a604 pages :
300 _bill. ;
300 _c23 cm.
500 _aIncludes index.
650 _aCross-platform software development.
650 _aPerl (Computer program language).
650 _xWeb servers.
999 _c300845
_d300845